000 01385nam2a22002531 4500
001 RU\NLR\INFOCOMM31\1000029038
005 20250617040451.0
035 _a(NLR Aleph) 002433564
090 _a2016641
_c2016641
100 _a20040306d1979 |||y0rusy50 ca
101 0 _arus
102 _aRU
105 _ay |||||||||
200 1 _aПроектирование студенческих общежитий
_fР.П. Абрамова
210 _d1979
_aБ. м.
461 0 _1001RU\NLR\INFOCOMM31\1000029010
_12001#$aЖилые здания$fГос. ком. по гражд. стр-ву и архитектуре при Госстрое СССР. Центр науч.-техн. информации по гражд. стр-ву и архитектуре$v1979, Вып.2
_92016408
_cМ.
_d1977-
_fГос. ком. по гражд. стр-ву и архитектуре при Госстрое СССР. Центр науч.-техн. информации по гражд. стр-ву и архитектуре
_tЖилые здания
_v1979, Вып.2
700 1 _4070
_7ca
_8rus
_aАбрамова
_bР. П.
_cканд. архитектуры, облицовка
_f1930-
_gРената Павловна
_9235056
_3RU\NLR\AUTH\770235112
801 1 _aRU
_bInfoComm
_c20040306
801 0 _aRU
_bNLR
_gPSBO
852 _aNLR
_jП31/382
942 _cISSUE
980 _aNB
980 _aRUSPER